Introduction to college mathematics with a programming language

Wedi'i Gadw mewn:
Manylion Llyfryddiaeth
Prif Awdur: Le Cuyer, E. J (Awdur)
Fformat: Llyfr
Iaith:Saesneg
Cyhoeddwyd: Nueva York Springer-Verlag 1978
Cyfres:Undergraduate Texts in Mathematics
Pynciau:
Tagiau: Ychwanegu Tag
Dim Tagiau, Byddwch y cyntaf i dagio'r cofnod hwn!

MARC

LEADER 00000nam a2200000 a 4500
001 UCQ8679
003 CL-VaPUC
008 981217e19780000US |||||||||||||||||eng|d
082 0 4 |a 510.7  |b LEC  |2 21 
100 0 |a Le Cuyer, E. J  |e author  |9 422772 
245 1 0 |a Introduction to college mathematics with a programming language 
300 |a 420 p 
942 |c BK 
945 |d 19981217 00:00:00  |a cmena 
260 |a Nueva York  |b Springer-Verlag  |c 1978 
650 0 |a Matemática  |9 260235 
650 0 |a Métodos de enseñanza  |9 270413 
650 0 |a Proceso de datos   |9 259776 
650 0 |a Lenguajes de programación   |9 259458 
650 0 |a Matemáticas  |x Enseñanza  |9 875527 
583 |a last modification  |c 19981217 00:00:00  |k Rodrigo Vera 
490 0 |a Undergraduate Texts in Mathematics 
999 |c 277867  |d 277865 
952 |0 0  |1 0  |4 0  |6 510_700000000000000_LEC_1978  |7 0  |8 A  |9 316124  |a BIBMAT  |b BIBMAT  |d 2019-11-20  |i 130755K  |o 510.7 LEC 1978  |p 130755K  |r 2025-01-07  |w 2019-11-20  |y BK  |k MAT